| 000 | 01209nam a22002777a 4500 | ||
|---|---|---|---|
| 001 | BD-DhSAU 9492 | ||
| 003 | BD-DhSAU | ||
| 005 | 20181211160828.0 | ||
| 008 | 150613b2006 bg a|||| m||| 00| 0 eng d | ||
| 040 | _aBD-DhSAU | ||
| 082 |
_222 _a630.715 _bM396 |
||
| 100 |
_aMasud, Muhammad Abul _eRegistration # 26266/00553 |
||
| 245 |
_aAdoption of high yielding varieties of rice by the farmers / _bMS thesis _cMuhammad Abul Masud, |
||
| 260 |
_aSher-e-Bangla Agricultural Uniersity : _bDepartment of Agricultural Extension & Information System, _c2006 |
||
| 300 |
_a72 p. : _bill. ; _c30 cm. |
||
| 500 | _aMS thesis of Department of Agricultural Extension & Information System, Faculty of Agriculture, Sher-e-Bangla Agricultural University, Dhaka, Bangladesh | ||
| 504 | _aIncludes bibliographical reference. | ||
| 590 | _aerfat | ||
| 650 | _aAgricultural Extension & Information System | ||
| 650 | _aAdoption of high yielding varieties | ||
| 650 | _a rice by the farmers | ||
| 700 |
_aIslam, Md Rafiquel _eSuperviser |
||
| 700 |
_aBhyiyan, Mohammad Hossain _eCo-superviser |
||
| 856 |
_y _u http://archive.saulibrary.edu.bd:8080/xmlui/handle/123456789/1561 |
||
| 942 |
_2ddc _cTHESIS |
||
| 999 |
_c9492 _d9492 |
||